[Event "NAYCC U14 w"]
[Site "Windsor CAN"]
[Date "2016.08.11"]
[Round "9.50"]
[White "Chin, Angelica"]
[Black "Li, Marissa"]
[Result "0-1"]
[WhiteElo "1970"]
[BlackElo "1802"]
[PlyCount "134"]
[EventDate "2016.08.07"]
[EventType "swiss"]
[EventRounds "9"]
[EventCountry "CAN"]

1. e4 c5 2. Nf3 e6 3. d4 cxd4 4. Nxd4 Nc6 5. Nc3 Qc7 6. Be3 a6 7. Be2 Nf6 8.
O-O Bb4 9. f3 O-O 10. a3 Bxc3 11. bxc3 d5 12. Nxc6 bxc6 13. exd5 cxd5 14. Qd4
e5 15. Qc5 Qxc5 16. Bxc5 Rd8 17. Be7 Re8 18. Bxf6 gxf6 19. c4 d4 20. Rfd1 Rb8
21. c3 dxc3 22. Rdc1 Rb3 23. Bd1 Rb2 24. Rxc3 Rd8 25. Rb3 Rxd1+ 26. Rxd1 Rxb3
27. Rd8+ Kg7 28. Rxc8 Rxa3 29. c5 a5 30. c6 a4 31. c7 Rc3 32. Ra8 Rxc7 33. Rxa4
Rd7 34. Rg4+ Kh6 35. Kf2 f5 36. Rg8 f6 37. Ke3 Rg7 38. Rf8 Rxg2 39. Rxf6+ Kg5
40. Re6 Rxh2 41. Rxe5 Ra2 42. Re7 Ra3+ 43. Kf2 h5 44. Rh7 Ra2+ 45. Kg1 h4 46.
Rh8 Kf4 47. Rh5 Rb2 48. Kf1 Rh2 49. Kg1 Rh3 50. Kg2 Rg3+ 51. Kh2 Rg8 52. Kh1
Rg5 53. Rxh4+ Kxf3 54. Ra4 Rg3 55. Kh2 Rg2+ 56. Kh1 Re2 57. Ra1 f4 58. Kg1 Kg3
59. Kf1 Rh2 60. Ra7 Rh1+ 61. Ke2 f3+ 62. Kd2 f2 63. Rg7+ Kh2 64. Rh7+ Kg1 65.
Rg7+ Kf1 66. Kd1 Rg1 67. Rf7 Kg2+ 0-1

[Event "NAYCC U14 w"]
[Site "Windsor CAN"]
[Date "2016.08.11"]
[Round "9.51"]
[White "Friedman, Gloria"]
[Black "Kao, Camille"]
[Result "0-1"]
[WhiteElo "1725"]
[BlackElo "1765"]
[PlyCount "96"]
[EventDate "2016.08.07"]
[EventType "swiss"]
[EventRounds "9"]
[EventCountry "CAN"]

1. d4 d5 2. c4 c6 3. Nf3 Nf6 4. Nc3 dxc4 5. a4 Bf5 6. Ne5 Qc7 7. Nxc4 e6 8. f3
Bb4 9. e4 Bg6 10. Ne5 O-O 11. Nxg6 hxg6 12. Qb3 c5 13. Be3 cxd4 14. Bxd4 Nc6
15. Be3 Rfd8 16. Be2 Nd4 17. Bxd4 Rxd4 18. O-O Qc5 19. Kh1 Rd2 20. Rac1 Qd4 21.
Bc4 a5 22. Rfd1 g5 23. Rxd2 Qxd2 24. Rd1 Qf4 25. Na2 g4 26. Rf1 gxf3 27. Qxf3
Qxe4 28. Bd3 Qxf3 29. Rxf3 Rd8 30. Nxb4 axb4 31. Kg1 Kf8 32. b3 Ke7 33. Kf1 e5
34. Bc4 Rd2 35. Re3 Nd7 36. Rg3 g6 37. Rf3 f5 38. Rf2 Rxf2+ 39. Kxf2 Kf6 40.
Bd5 b6 41. g3 e4 42. g4 Ke5 43. Bf7 Nf6 44. Bxg6 Nxg4+ 45. Kg3 e3 46. Kf3 f4
47. h4 Nh2+ 48. Ke2 Kd4 0-1

[Event "NAYCC U14 w"]
[Site "Windsor CAN"]
[Date "2016.08.11"]
[Round "9.52"]
[White "Ge, Jade"]
[Black "Morris-Suzuki, Sophie"]
[Result "0-1"]
[WhiteElo "1520"]
[BlackElo "1787"]
[PlyCount "70"]
[EventDate "2016.08.07"]
[EventType "swiss"]
[EventRounds "9"]
[EventCountry "CAN"]

1. e4 c5 2. Nf3 e6 3. d4 cxd4 4. Nxd4 a6 5. h3 Qc7 6. Nc3 Nf6 7. Bd3 Nc6 8. Nf3
Be7 9. Be3 b5 10. a3 Bb7 11. O-O O-O 12. Qd2 d6 13. Bf4 Rfd8 14. Rfe1 Ne5 15.
Bxe5 dxe5 16. Qc1 Nh5 17. Ne2 Rac8 18. b3 Qb6 19. g4 Rxd3 20. Nxe5 Rxh3 21.
gxh5 Bxe4 22. Ng3 Rxg3+ 23. Kf1 Bg2+ 24. Ke2 Rgc3 25. Ra2 Qd4 26. f4 Bc5 27.
Nd3 Rxd3 28. cxd3 Qf2+ 29. Kd1 Qxa2 30. Qd2 Bf3+ 31. Re2 Qb1+ 32. Qc1 Qxd3+ 33.
Qd2 Qb1+ 34. Qc1 Rd8+ 35. Ke1 Qxc1# 0-1

[Event "NAYCC U14 w"]
[Site "Windsor CAN"]
[Date "2016.08.11"]
[Round "9.53"]
[White "Zhou, Annika"]
[Black "Ravishankar, Ramitha"]
[Result "1/2-1/2"]
[WhiteElo "1443"]
[BlackElo "1558"]
[PlyCount "115"]
[EventDate "2016.08.07"]
[EventType "swiss"]
[EventRounds "9"]
[EventCountry "CAN"]

1. d4 d5 2. Bf4 Nf6 3. e3 c5 4. Nc3 a6 5. dxc5 Qa5 6. Qd2 Bf5 7. f3 e6 8. g4
Bg6 9. h4 h5 10. g5 Nfd7 11. O-O-O Nc6 12. Kb1 O-O-O 13. Bd3 Bxd3 14. cxd3 Nxc5
15. d4 Na4 16. Nxa4 Qxa4 17. Ne2 Bd6 18. Rc1 Kb8 19. Bxd6+ Rxd6 20. Nc3 Qb4 21.
Qc2 Na5 22. Qa4 Rb6 23. Qxb4 Rxb4 24. Rhe1 Nc4 25. Re2 Rc8 26. Ka1 Rc6 27. b3
Na5 28. Rec2 Rbb6 29. Na4 Rxc2 30. Rxc2 Rc6 31. Rxc6 Nxc6 32. Nc5 Kc7 33. Nd3
Ne7 34. Nf4 Nf5 35. Nxh5 Nxh4 36. Nxg7 Nxf3 37. Kb2 Nxg5 38. Kc3 Ne4+ 39. Kd3
Kd7 40. Nh5 Ke7 41. Nf4 Kf6 42. a4 Ke7 43. Ne2 Kd6 44. Nc3 Nxc3 45. Kxc3 e5 46.
Kd3 f5 47. Kd2 Ke6 48. Ke2 f4 49. exf4 e4 50. Kf2 Kf6 51. Kg2 e3 52. Kf3 Kf5
53. Kxe3 Kg4 54. b4 b6 55. b5 a5 56. f5 Kxf5 57. Kf3 Kg5 58. Kg3 1/2-1/2

[Event "NAYCC U14 w"]
[Site "Windsor CAN"]
[Date "2016.08.11"]
[Round "9.54"]
[White "Li, Jewel"]
[Black "Yen, Sarah"]
[Result "0-1"]
[WhiteElo "980"]
[BlackElo "1802"]
[PlyCount "78"]
[EventDate "2016.08.07"]
[EventType "swiss"]
[EventRounds "9"]
[EventCountry "CAN"]

1. e4 e6 2. d4 d5 3. exd5 exd5 4. Nf3 Bf5 5. Nc3 c6 6. Bf4 Bb4 7. Be2 Nf6 8.
O-O O-O 9. a3 Bxc3 10. bxc3 Ne4 11. Qd3 Ng3 12. Qd2 Nxf1 13. Rxf1 Qe7 14. a4
Qa3 15. Bd3 Bxd3 16. cxd3 Qxa4 17. Bd6 Re8 18. Qb2 Qb5 19. Qc2 a5 20. Rb1 Qa6
21. Ne5 f6 22. Bc5 b5 23. Ng4 Nd7 24. Bd6 Re6 25. Ba3 Rae8 26. Ne3 Nf8 27. g3
Qa7 28. Kg2 Qf7 29. Qe2 f5 30. Qf3 Ng6 31. Qd1 f4 32. Nc2 fxg3 33. hxg3 Re2 34.
Rc1 Qxf2+ 35. Kh3 Qh2+ 36. Kg4 h5+ 37. Kg5 Qxg3+ 38. Kf5 Rf2+ 39. Qf3 Rxf3# 0-1

[Event "NAYCC U14 w"]
[Site "Windsor CAN"]
[Date "2016.08.11"]
[Round "9.55"]
[White "Tao, Ellen"]
[Black "John, Namitha"]
[Result "1-0"]
[WhiteElo "1418"]
[BlackElo "1091"]
[PlyCount "107"]
[EventDate "2016.08.07"]
[EventType "swiss"]
[EventRounds "9"]
[EventCountry "CAN"]

1. e4 e5 2. Nf3 Nc6 3. Bc4 Bc5 4. O-O Nf6 5. d3 d6 6. c3 Bg4 7. h3 Bh5 8. Be3
Bb6 9. Nbd2 Qd7 10. b4 O-O 11. a4 a6 12. a5 Ba7 13. Bxa7 Rxa7 14. Re1 Re8 15.
Qb3 Raa8 16. Nh4 Rad8 17. g4 Nxg4 18. hxg4 Qxg4+ 19. Ng2 Ne7 20. Re3 c6 21. Rg3
Qe2 22. Qb2 Bg6 23. f3 d5 24. Re1 Qxe1+ 25. Nxe1 dxc4 26. dxc4 Rd7 27. c5 Red8
28. Rg2 Kh8 29. Nc4 Rd1 30. Kf1 Bh5 31. Rd2 Bxf3 32. Rxd8+ Rxd8 33. Nxf3 Ng6
34. Nfxe5 Nxe5 35. Nxe5 Kg8 36. Qe2 f6 37. Nc4 Kf7 38. Nd6+ Ke6 39. Nxb7 Rh8
40. Qxa6 Kd7 41. Nd6 h5 42. Qb7+ Ke6 43. Qxg7 Rd8 44. Qf7+ Ke5 45. Qe7+ Kf4 46.
Qxd8 h4 47. Qxf6+ Kg4 48. Qf2 h3 49. Qh2 Kh4 50. a6 Kg4 51. a7 Kh4 52. a8=Q Kg4
53. Qg8+ Kf3 54. Qgg3# 1-0

[Event "NAYCC U16"]
[Site "Windsor CAN"]
[Date "2016.08.07"]
[Round "1.30"]
[White "Li, Zhaozhi"]
[Black "Kobla, Vishal"]
[Result "1-0"]
[WhiteElo "2305"]
[BlackElo "1941"]
[PlyCount "51"]
[EventDate "2016.08.07"]
[EventType "swiss"]
[EventRounds "9"]
[EventCountry "CAN"]

1. d4 Nf6 2. c4 g6 3. Nc3 d5 4. Bf4 Bg7 5. e3 O-O 6. Rc1 Be6 7. Qb3 b6 8. h3 h6
9. Nf3 c6 10. Ne5 Qc8 11. cxd5 cxd5 12. Be2 Qb7 13. Na4 Ne4 14. Nxg6 fxg6 15.
Rc7 Qxc7 16. Bxc7 Rc8 17. f3 Rxc7 18. fxe4 Rc1+ 19. Bd1 Nd7 20. exd5 Bf5 21.
O-O Nf6 22. Bf3 Rac8 23. Nc3 Rxf1+ 24. Kxf1 Bd3+ 25. Be2 Ne4 26. Ke1 1-0

[Event "NAYCC U16"]
[Site "Windsor CAN"]
[Date "2016.08.07"]
[Round "1.31"]
[White "Daggupati, Balaji"]
[Black "Lu, Albert"]
[Result "0-1"]
[WhiteElo "1932"]
[BlackElo "2235"]
[PlyCount "74"]
[EventDate "2016.08.07"]
[EventType "swiss"]
[EventRounds "9"]
[EventCountry "CAN"]

1. e4 e5 2. Nf3 Nc6 3. Bb5 a6 4. Ba4 Nf6 5. O-O Be7 6. Re1 b5 7. Bb3 d6 8. c3
O-O 9. d4 Bg4 10. Be3 d5 11. exd5 Nxd5 12. h3 Nxe3 13. fxe3 Bh5 14. g4 Bg6 15.
dxe5 Qc8 16. Nbd2 h5 17. Bd5 Qd7 18. Bxc6 Qxc6 19. Nd4 Qd5 20. gxh5 Qxe5 21.
hxg6 Qg3+ 22. Kf1 Rad8 23. Qg4 fxg6+ 24. Ke2 Rf2+ 25. Kd1 Qh2 26. Qe6+ Kf8 27.
Ne4 Rxb2 28. Rf1+ Bf6 29. Rxf6+ gxf6 30. Qxf6+ Ke8 31. Qxg6+ Kf8 32. Qh6+ Kg8
33. Qg5+ Kf7 34. Qf6+ Ke8 35. Qh8+ Kd7 36. Qh7+ Kc8 37. Qf5+ Kb7 0-1

[Event "NAYCC U16"]
[Site "Windsor CAN"]
[Date "2016.08.07"]
[Round "1.32"]
[White "Chen, Richard"]
[Black "Saha, Ananda"]
[Result "1/2-1/2"]
[WhiteElo "2155"]
[BlackElo "1920"]
[PlyCount "42"]
[EventDate "2016.08.07"]
[EventType "swiss"]
[EventRounds "9"]
[EventCountry "CAN"]

1. e4 c5 2. Nf3 e6 3. d4 cxd4 4. Nxd4 a6 5. Bd3 Bc5 6. Nb3 Be7 7. Qg4 Bf6 8. f4
d6 9. Qe2 Nc6 10. c3 Nge7 11. Be3 g6 12. N1d2 e5 13. g3 Bg7 14. O-O-O b5 15.
Kb1 Qc7 16. c4 O-O 17. cxb5 axb5 18. Bxb5 Be6 19. Nc4 Rfb8 20. Na3 Qb7 21. Bc4
Bxc4 1/2-1/2

[Event "NAYCC U16"]
[Site "Windsor CAN"]
[Date "2016.08.07"]
[Round "1.33"]
[White "Shamroni, Dennis"]
[Black "Song, Sam"]
[Result "1/2-1/2"]
[WhiteElo "1917"]
[BlackElo "2147"]
[PlyCount "155"]
[EventDate "2016.08.07"]
[EventType "swiss"]
[EventRounds "9"]
[EventCountry "CAN"]

1. Nf3 Nf6 2. g3 b6 3. Bg2 Bb7 4. O-O c5 5. c4 d6 6. b3 e6 7. Bb2 Be7 8. Na3
O-O 9. Nc2 e5 10. d3 Nc6 11. a3 Qc7 12. e4 Rfe8 13. Rc1 Bf8 14. Ne3 g6 15. Nd5
Qd8 16. Bc3 Nxd5 17. cxd5 Nd4 18. Nxd4 cxd4 19. Bd2 Ba6 20. Bb4 Qd7 21. Qd2
Rac8 22. a4 h5 23. h4 Kh7 24. Rxc8 Rxc8 25. Kh2 Bh6 26. Qe2 Qd8 27. Bh3 Rc7 28.
Qf3 Kg8 29. Re1 Bf8 30. Qe2 Bc8 31. Bg2 a5 32. Bd2 Ba6 33. Rc1 Qc8 34. Bh3 Qb8
35. Bf1 Be7 36. Qd1 Qc8 37. Rxc7 Qxc7 38. Qc1 Qxc1 39. Bxc1 Kf8 40. Kg2 b5 41.
axb5 Bxb5 42. f3 Bd8 43. Kf2 Ke7 44. Ke2 Kd7 45. Ba3 Bb6 46. b4 Kc7 47. bxa5
Bxa5 48. Bc1 Kb6 49. Bh3 Kc5 50. Ba3+ Bb4 51. Bxb4+ Kxb4 52. Kd2 f6 53. Be6 Be8
54. f4 exf4 55. gxf4 Kc5 56. Ke2 Kb6 57. Kf3 Kc7 58. f5 Kd8 59. fxg6 Bxg6 60.
Kf4 Ke7 61. Bf5 Bxf5 62. exf5 Kd7 63. Ke4 Kc7 64. Kxd4 Kb6 65. Kc4 Ka5 66. Kd4
Kb4 67. Ke3 Kc5 68. Ke4 Kb5 69. Ke3 Kb4 70. Ke4 Kb3 71. Kd4 Kb4 72. Ke3 Kc3 73.
Ke4 Kb2 74. Kd4 Ka3 75. Kc3 Ka4 76. Kc4 Ka5 77. Kd4 Kb4 78. Ke3 1/2-1/2

[Event "NAYCC U16"]
[Site "Windsor CAN"]
[Date "2016.08.07"]
[Round "1.34"]
[White "Bellissimo, Joseph"]
[Black "Zhang, Jeff"]
[Result "1-0"]
[WhiteElo "2142"]
[BlackElo "1907"]
[PlyCount "49"]
[EventDate "2016.08.07"]
[EventType "swiss"]
[EventRounds "9"]
[EventCountry "CAN"]

1. e4 c5 2. Nf3 d6 3. d4 cxd4 4. Qxd4 Nc6 5. Bb5 Bd7 6. Bxc6 Bxc6 7. Nc3 Nf6 8.
Bg5 e6 9. O-O-O Be7 10. Qd3 Qc7 11. Kb1 O-O-O 12. Nd4 a6 13. f4 Rhe8 14. Rhe1
h6 15. Nxc6 Qxc6 16. Bh4 Nxe4 17. Rxe4 d5 18. Ra4 Bxh4 19. f5 Bf6 20. Ra3 Be7
21. Rb3 b5 22. Nxb5 axb5 23. Rc3 Bc5 24. b4 d4 25. Rxc5 1-0

[Event "NAYCC U16"]
[Site "Windsor CAN"]
[Date "2016.08.07"]
[Round "1.35"]
[White "Handigol, Abhishek"]
[Black "Sinha, Sahil"]
[Result "1/2-1/2"]
[WhiteElo "1905"]
[BlackElo "2140"]
[PlyCount "82"]
[EventDate "2016.08.07"]
[EventType "swiss"]
[EventRounds "9"]
[EventCountry "CAN"]

1. e4 c5 2. Nf3 d6 3. c3 Nf6 4. h3 Nc6 5. Bd3 e6 6. Bc2 Be7 7. O-O Qc7 8. Re1
O-O 9. d4 Rb8 10. d5 Ne5 11. Nxe5 dxe5 12. c4 a6 13. Nd2 exd5 14. exd5 Bd6 15.
Qe2 Re8 16. g4 g6 17. Qf3 Qe7 18. g5 Nh5 19. Ne4 b5 20. b3 Rb7 21. Qg2 Kg7 22.
Bd1 Nf4 23. Bxf4 exf4 24. Bf3 Qd8 25. Nf6 Re5 26. h4 Rbe7 27. Qf1 Qa5 28. Rxe5
Bxe5 29. Re1 Qc3 30. d6 Bxd6 31. Rxe7 Bxe7 32. Nd5 Qe5 33. Nxe7 Qxe7 34. cxb5
axb5 35. Qxb5 Qe1+ 36. Qf1 Qe6 37. Qc1 Qe5 38. Qd2 Ba6 39. Kg2 h5 40. Qa5 Bd3
41. Qd8 Bf5 1/2-1/2

[Event "NAYCC U16"]
[Site "Windsor CAN"]
[Date "2016.08.07"]
[Round "1.36"]
[White "Ramasamy, Vikram"]
[Black "Polavaram, Rithik"]
[Result "1-0"]
[WhiteElo "2046"]
[BlackElo "1899"]
[PlyCount "137"]
[EventDate "2016.08.07"]
[EventType "swiss"]
[EventRounds "9"]
[EventCountry "CAN"]

1. e4 e5 2. Nf3 Nc6 3. Bb5 a6 4. Ba4 Nf6 5. d3 Bc5 6. c3 b5 7. Bc2 O-O 8. O-O
d5 9. Bg5 dxe4 10. dxe4 Qxd1 11. Rxd1 Bg4 12. Nbd2 Rad8 13. h3 Bc8 14. Nf1 Be7
15. Ne3 Be6 16. g4 h6 17. Bh4 Rxd1+ 18. Rxd1 Rd8 19. Rxd8+ Bxd8 20. Bg3 Nd7 21.
Nd5 f6 22. a4 Bxd5 23. exd5 Na7 24. axb5 axb5 25. Nd2 Nb6 26. Bb3 Kf8 27. f4
exf4 28. Bxf4 Ke7 29. Ne4 Nac8 30. Nc5 g5 31. Bg3 Nc4 32. Bxc4 bxc4 33. Ne6 Nb6
34. Nxd8 Kxd8 35. d6 c5 36. Kf2 Na4 37. Ke3 Nxb2 38. Ke4 Nd1 39. Be1 Kd7 40.
Kd5 Nb2 41. Bg3 Na4 42. Kxc4 Kc6 43. Kd3 Nb6 44. Ke4 Nd5 45. d7 f5+ 46. Ke5
Kxd7 47. Kxd5 f4 48. Bf2 c4 49. Kxc4 Kc6 50. Kd4 Kd6 51. Ke4 Ke6 52. Bd4 Ke7
53. Kf5 Kf7 54. c4 f3 55. c5 f2 56. Bxf2 Ke7 57. Kg6 Ke6 58. Kxh6 Kd5 59. Kxg5
Kc6 60. h4 Kc7 61. h5 Kc6 62. h6 Kc7 63. h7 Kc8 64. h8=Q+ Kc7 65. Qf6 Kc8 66.
Qe7 Kb8 67. c6 Kc8 68. Kf5 Kb8 69. Qb7# 1-0

[Event "NAYCC U16"]
[Site "Windsor CAN"]
[Date "2016.08.07"]
[Round "1.38"]
[White "Asaria, Danial"]
[Black "Zhu, Brandon"]
[Result "1-0"]
[WhiteElo "2038"]
[BlackElo "1861"]
[PlyCount "54"]
[EventDate "2016.08.07"]
[EventType "swiss"]
[EventRounds "9"]
[EventCountry "CAN"]

1. e4 d6 2. d4 Nf6 3. Nc3 e5 4. Nf3 Nbd7 5. Bc4 Be7 6. O-O O-O 7. Bg5 c6 8. a4
h6 9. Bh4 Qc7 10. Bg3 b6 11. Nh4 Re8 12. Qe2 exd4 13. Bxf7+ Kxf7 14. Qc4+ d5
15. Nxd5 Ba6 16. Qxa6 Qc8 17. Qxc8 Raxc8 18. Nxe7 Rxe7 19. Nf5 Re6 20. e5 Ne4
21. Nh4 g5 22. f4 Nxg3 23. hxg3 Ree8 24. Nf5 Nc5 25. Nd6+ Ke6 26. Rae1 Rcd8 27.
f5+ Kd5 1-0

[Event "NAYCC U16"]
[Site "Windsor CAN"]
[Date "2016.08.07"]
[Round "1.39"]
[White "Zhao, Harry"]
[Black "Wang, Warren"]
[Result "0-1"]
[WhiteElo "1809"]
[BlackElo "2025"]
[PlyCount "101"]
[EventDate "2016.08.07"]
[EventType "swiss"]
[EventRounds "9"]
[EventCountry "CAN"]

1. d4 Nf6 2. Nf3 c5 3. e3 e6 4. Bd3 b6 5. O-O Bb7 6. Nbd2 Nc6 7. a3 Be7 8. b3
O-O 9. Bb2 Rc8 10. c4 cxd4 11. Nxd4 d5 12. Qe2 Bd6 13. f4 dxc4 14. Nxc4 Nxd4
15. Bxd4 Bc5 16. Bb2 b5 17. Bxf6 Qxf6 18. Ne5 Rfd8 19. Bxb5 Be4 20. Kh1 Qe7 21.
Rfc1 Bxa3 22. Rxc8 Rxc8 23. Nc4 Bc5 24. Rd1 Qb7 25. Ne5 Bxg2+ 26. Kg1 Bd5 27.
Ra1 Bxe3+ 28. Qxe3 Qxb5 29. Rxa7 f6 30. Nc4 Bxc4 31. bxc4 Qxc4 32. Re7 Qc1+ 33.
Qxc1 Rxc1+ 34. Kf2 Rc6 35. Kg3 Kf8 36. Ra7 Rc8 37. Kg4 Re8 38. Rb7 Re7 39. Rb8+
Kf7 40. Rh8 Kg6 41. h3 e5 42. f5+ Kh6 43. Ra8 g6 44. Ra3 Kg7 45. Re3 h5+ 46.
Kh4 e4 47. Rg3 g5+ 48. Kxh5 e3 49. Rg1 Re4 50. Rg4 Rxg4 51. hxg4 0-1

[Event "NAYCC U16"]
[Site "Windsor CAN"]
[Date "2016.08.07"]
[Round "1.40"]
[White "Zhong, Joey"]
[Black "D'Amore, Tyler"]
[Result "1-0"]
[WhiteElo "2024"]
[BlackElo "1808"]
[PlyCount "35"]
[EventDate "2016.08.07"]
[EventType "swiss"]
[EventRounds "9"]
[EventCountry "CAN"]

1. e4 e5 2. Nf3 Nc6 3. Bc4 Bc5 4. O-O Nf6 5. d4 exd4 6. e5 d5 7. exf6 dxc4 8.
fxg7 Rg8 9. Bg5 Qd5 10. Nc3 Qf5 11. Re1+ Be6 12. Ne4 Be7 13. Bxe7 Nxe7 14. Qxd4
Nd5 15. Ng3 Qf6 16. Qxd5 c6 17. Qh5 O-O-O 18. Qe5 1-0

[Event "NAYCC U16"]
[Site "Windsor CAN"]
[Date "2016.08.07"]
[Round "1.41"]
[White "Maulucci, Anthony"]
[Black "Xu, Jeffrey"]
[Result "1-0"]
[WhiteElo "1786"]
[BlackElo "2004"]
[PlyCount "91"]
[EventDate "2016.08.07"]
[EventType "swiss"]
[EventRounds "9"]
[EventCountry "CAN"]

1. d4 e6 2. c4 Nf6 3. Nc3 Bb4 4. e3 O-O 5. Bd3 b6 6. Nf3 Bb7 7. O-O Bxc3 8.
bxc3 Ne4 9. Qc2 f5 10. Nd2 Qh4 11. f3 Ng5 12. e4 fxe4 13. Nxe4 Nxe4 14. Bxe4
Bxe4 15. Qxe4 Qxe4 16. fxe4 Rxf1+ 17. Kxf1 Nc6 18. Ke2 Rf8 19. Be3 h6 20. a4
Na5 21. Kd3 d6 22. Rb1 c5 23. e5 cxd4 24. cxd4 dxe5 25. dxe5 Rd8+ 26. Kc3 Rc8
27. c5 Nb7 28. Rb5 Kf7 29. Kb4 bxc5+ 30. Bxc5 a5+ 31. Kc4 Rc7 32. Kd4 Rd7+ 33.
Ke3 Nxc5 34. Rxc5 Rd5 35. Rxd5 exd5 36. Kd4 Ke6 37. h3 h5 38. h4 g6 39. g3 Kf5
40. Kxd5 Kg4 41. e6 Kxg3 42. e7 Kxh4 43. e8=Q g5 44. Ke4 g4 45. Kf4 g3 46. Qg6
1-0

[Event "NAYCC U16"]
[Site "Windsor CAN"]
[Date "2016.08.07"]
[Round "1.42"]
[White "Yu, Wenlu"]
[Black "Perkins, Josiah"]
[Result "1-0"]
[WhiteElo "1993"]
[BlackElo "1759"]
[PlyCount "51"]
[EventDate "2016.08.07"]
[EventType "swiss"]
[EventRounds "9"]
[EventCountry "CAN"]

1. Nf3 e6 2. g3 d5 3. Bg2 c5 4. O-O Nc6 5. d3 Nf6 6. Nbd2 e5 7. Qe1 Be6 8. e4
d4 9. Nh4 Bd6 10. f4 exf4 11. gxf4 Nb4 12. e5 Nxc2 13. Qe2 Nxa1 14. exf6 Qxf6
15. Ne4 Qxh4 16. Nxd6+ Kd7 17. f5 Bxa2 18. b4 Bb3 19. Nxb7 Rac8 20. Nxc5+ Rxc5
21. bxc5 Nc2 22. c6+ Kc8 23. Bf4 Qd8 24. Qe5 Qb6 25. Rb1 f6 26. Qe7 1-0

[Event "NAYCC U16"]
[Site "Windsor CAN"]
[Date "2016.08.07"]
[Round "1.43"]
[White "Chasin, Nico"]
[Black "Pan, Christopher"]
[Result "1-0"]
[WhiteElo "1752"]
[BlackElo "1975"]
[PlyCount "157"]
[EventDate "2016.08.07"]
[EventType "swiss"]
[EventRounds "9"]
[EventCountry "CAN"]

1. d4 Nf6 2. Nf3 g6 3. g3 Bg7 4. Bg2 O-O 5. O-O d6 6. Nbd2 Nbd7 7. b3 Re8 8.
Bb2 c5 9. dxc5 Nxc5 10. c4 Rb8 11. b4 Ne6 12. Qa4 a6 13. Rfd1 b5 14. cxb5 axb5
15. Qb3 Bb7 16. Bh3 Nc7 17. Rac1 Bc8 18. Ng5 Rf8 19. Bxc8 Rxc8 20. Rc2 Qd7 21.
Ndf3 h6 22. Ne5 Qe8 23. Nexf7 Rxf7 24. Nxf7 Qxf7 25. Qxf7+ Kxf7 26. Bxf6 Bxf6
27. Rdc1 Ra8 28. Rxc7 Rxa2 29. Rb7 Rxe2 30. Rxb5 Rb2 31. Rd1 Bc3 32. Rd3 Rxb4
33. Rf3+ Kg7 34. Rxb4 Bxb4 35. Rb3 Bc5 36. Kf1 Kf6 37. Ke2 e5 38. f3 Kf5 39.
Rb8 h5 40. h4 Ba7 41. Rf8+ Ke6 42. g4 hxg4 43. fxg4 Ke7 44. Ra8 Bd4 45. Kf3 d5
46. Ra6 Kf7 47. Rd6 e4+ 48. Ke2 Be5 49. Rxd5 Bg3 50. h5 gxh5 51. Rxh5 Kg6 52.
Ke3 Bd6 53. Kxe4 Be7 54. Ke5 Bg5 55. Ke6 Be3 56. Ke7 Bg5+ 57. Kf8 Bh6+ 58. Ke8
Bg5 59. Rh8 Kg7 60. Rh1 Kg6 61. Rf1 Be3 62. Rf5 Bd2 63. Kf8 Bb4+ 64. Ke8 Ba3
65. Kd7 Bc1 66. Kd6 Bb2 67. Kd5 Bf6 68. Ke4 Bd8 69. Kf3 Be7 70. Rd5 Kh6 71. Kf4
Kg6 72. g5 Bb4 73. Kg4 Ba3 74. Ra5 Bb4 75. Ra6+ Kg7 76. Kf5 Bc5 77. Rc6 Bf8 78.
Rc7+ Kh8 79. Kg6 1-0

[Event "NAYCC U16"]
[Site "Windsor CAN"]
[Date "2016.08.07"]
[Round "1.44"]
[White "Nguyen, Tan"]
[Black "Zheng, Maven"]
[Result "1-0"]
[WhiteElo "1972"]
[BlackElo "1746"]
[PlyCount "135"]
[EventDate "2016.08.07"]
[EventType "swiss"]
[EventRounds "9"]
[EventCountry "CAN"]

1. d4 d5 2. c4 e6 3. Nf3 Nf6 4. g3 Be7 5. Bg2 O-O 6. O-O Nbd7 7. Nbd2 b6 8. b3
Bb7 9. Bb2 Rc8 10. Qc2 c5 11. Rac1 dxc4 12. Nxc4 cxd4 13. Qd2 Bc5 14. Bxd4 Qe7
15. Bxc5 Nxc5 16. Qd6 Qc7 17. Rfd1 Nce4 18. Qxc7 Rxc7 19. Nd4 Bd5 20. Nb5 Re7
21. Ncd6 Nxd6 22. Nxd6 Bxg2 23. Kxg2 Nd5 24. e4 Nf6 25. f3 h6 26. Nc4 Rb8 27.
Ne5 Rbe8 28. b4 b5 29. Rc5 Rb7 30. Kf2 Ra8 31. Rdc1 Ne8 32. Rd1 f6 33. Nc6 Kh7
34. Nd8 Rb6 35. Rd7 a6 36. Nc6 Kg6 37. e5 f5 38. Ne7+ Kh7 39. Nc8 Rbb8 40. Rd8
Nf6 41. exf6 gxf6 42. Rc7+ Kg6 43. Ne7+ Kg5 44. Rxb8 Rxb8 45. Nc6 Rg8 46. f4+
Kg4 47. Kg2 Re8 48. Re7 Rxe7 49. Nxe7 e5 50. h3+ Kh5 51. fxe5 fxe5 52. Nxf5 Kg5
53. Nd6 Kg6 54. Kf3 Kg5 55. Ke4 Kf6 56. Nf5 h5 57. Ne3 Ke6 58. g4 hxg4 59. hxg4
Kf6 60. Nd5+ Ke6 61. g5 Kf7 62. Kxe5 Kg6 63. Kf4 Kf7 64. Kf5 Kg7 65. g6 Kf8 66.
Kf6 Kg8 67. g7 Kh7 68. Ne7 1-0

[Event "NAYCC U16"]
[Site "Windsor CAN"]
[Date "2016.08.07"]
[Round "1.45"]
[White "Habib, Adnan"]
[Black "Miyasaka, Matthew"]
[Result "1-0"]
[WhiteElo "1691"]
[BlackElo "1971"]
[PlyCount "153"]
[EventDate "2016.08.07"]
[EventType "swiss"]
[EventRounds "9"]
[EventCountry "CAN"]

1. d4 d5 2. Nf3 Nf6 3. Bf4 e6 4. e3 c5 5. c3 Qb6 6. b3 Nc6 7. Nbd2 Bd7 8. Bd3
cxd4 9. exd4 Ba3 10. Rb1 a5 11. Qe2 Rc8 12. O-O O-O 13. Ne5 Nb8 14. Qf3 Ne8 15.
Rfe1 f5 16. Bc2 Nf6 17. Re3 Nc6 18. Ndc4 dxc4 19. Nxc4 Nxd4 20. cxd4 Qxd4 21.
Rd1 Rxc4 22. Rxd4 Rxd4 23. Be5 Bc6 24. Qe2 Rg4 25. f3 Rg6 26. Bxf6 Rfxf6 27.
Re5 Bb4 28. Qe3 Rf8 29. Kf1 Rc8 30. Bd3 Rd8 31. Be2 Bd5 32. Qb6 Rc8 33. Bc4
Bxc4+ 34. bxc4 Rxc4 35. Qd8+ Kf7 36. Rxf5+ exf5 37. Qd5+ Kf8 38. Qxc4 Rc6 39.
Qf4 Rd6 40. Qxf5+ Ke8 41. Qe4+ Kf8 42. Qc4 b6 43. Qf4+ Kg8 44. Qc4+ Kf8 45.
Qc8+ Kf7 46. Ke2 Bc5 47. Qf5+ Kg8 48. g4 Rf6 49. Qd5+ Kh8 50. g5 Rf8 51. h4
Re8+ 52. Kf1 Rf8 53. h5 Be7 54. h6 Rg8 55. f4 Rf8 56. Kg2 Bc5 57. Kg3 gxh6 58.
Qe5+ Kg8 59. gxh6 Rf7 60. Qg5+ Kh8 61. Kf3 Bd6 62. Qd8+ Bf8 63. Qxb6 a4 64.
Qd4+ Kg8 65. Qxa4 Bxh6 66. Qe8+ Kg7 67. Qe5+ Kg8 68. f5 Bg7 69. Qe6 Bf8 70. a4
Kg7 71. a5 Rf6 72. Qe5 Kf7 73. Qc7+ Be7 74. Ke4 Rh6 75. a6 Rh4+ 76. Kd5 Ra4 77.
f6 1-0

[Event "NAYCC U16"]
[Site "Windsor CAN"]
[Date "2016.08.07"]
[Round "1.46"]
[White "Yen, Michael"]
[Black "Lee, Stefano"]
[Result "1-0"]
[WhiteElo "1969"]
[BlackElo "1592"]
[PlyCount "45"]
[EventDate "2016.08.07"]
[EventType "swiss"]
[EventRounds "9"]
[EventCountry "CAN"]

1. d4 d5 2. c4 c6 3. Nf3 Nf6 4. Nc3 e6 5. e3 Nbd7 6. Be2 dxc4 7. Bxc4 b5 8. Bb3
Bb7 9. O-O a6 10. Re1 c5 11. d5 c4 12. dxe6 fxe6 13. Bc2 Bb4 14. e4 O-O 15. e5
Ng4 16. Bxh7+ Kh8 17. Be4 Qb6 18. Be3 Nxe3 19. Rxe3 Nc5 20. Ng5 Bxe4 21. Qh5+
Kg8 22. Ncxe4 Rf5 23. Nf6+ 1-0

[Event "NAYCC U16"]
[Site "Windsor CAN"]
[Date "2016.08.07"]
[Round "1.47"]
[White "Konovalenko, Nicholas"]
[Black "Maruvada, Shaunak"]
[Result "0-1"]
[WhiteElo "1555"]
[BlackElo "1966"]
[PlyCount "64"]
[EventDate "2016.08.07"]
[EventType "swiss"]
[EventRounds "9"]
[EventCountry "CAN"]

1. d4 d5 2. c4 c6 3. Nf3 Nf6 4. Nc3 e6 5. Bg5 Nbd7 6. e3 Qa5 7. Bxf6 Nxf6 8. a3
Ne4 9. Qc1 Bd6 10. c5 Nxc3 11. b4 Qd8 12. Qxc3 Bc7 13. Bd3 O-O 14. O-O Re8 15.
a4 Qe7 16. Rfe1 e5 17. dxe5 Bg4 18. Nd4 Bxe5 19. Qc2 Bxd4 20. exd4 Qxe1+ 21.
Rxe1 Rxe1+ 22. Bf1 Be2 23. h3 Bxf1 24. Kh2 Rae8 25. Qf5 R8e6 26. b5 g6 27. Qg5
Kg7 28. bxc6 bxc6 29. Qf4 Rf6 30. Qc7 Rxf2 31. Qxc6 Rxg2+ 32. Kh1 Rge2 0-1

[Event "NAYCC U16"]
[Site "Windsor CAN"]
[Date "2016.08.07"]
[Round "1.48"]
[White "Fields, Noah"]
[Black "Hua, Andrew"]
[Result "1-0"]
[WhiteElo "1963"]
[BlackElo "1306"]
[PlyCount "45"]
[EventDate "2016.08.07"]
[EventType "swiss"]
[EventRounds "9"]
[EventCountry "CAN"]

1. e4 e5 2. Nf3 Nc6 3. Bb5 a6 4. Ba4 Nf6 5. O-O b5 6. Bb3 d6 7. Ng5 d5 8. exd5
Nxd5 9. Qf3 Be6 10. Nxe6 fxe6 11. Nc3 Nd4 12. Qh5+ g6 13. Qxe5 Qf6 14. Qe4
O-O-O 15. Bxd5 exd5 16. Nxd5 Qg7 17. c3 Nf5 18. d4 Bd6 19. Ne3 Qh6 20. g3 Qh5
21. Qg4 Qxg4 22. Nxg4 Rhf8 23. Bg5 1-0